000 01147nam a2200313 i 4500
001 bgj
003 BPK
005 20160108113232.0
008 990909s1992 uk a f |000 0 eng d
020 _a0131750356
040 _cBPK
041 0 _aeng
080 _a37.016:81
080 _a811.111'355
100 1 _aDörnyei, Zoltán.
245 1 0 _aConversation and dialogues in action /
_cZoltán Dörnyei, and Sarah Thurrell.
260 _aNew York :
_bPrentice Hall International,
_c1992
_aLondon.
300 _aXVI, 160 pp ;
_c24 cm.
490 1 _aLanguage teaching methodology series / Christopher N. Candlin, gen. ed.. Classroom techniques and resources
504 _aBibliography.
505 _aIncludes indexes.
650 4 _aJęzyk angielski
_xnauczanie
_xmetody
650 4 _aJęzyk angielski
_xwymowa.
700 1 _aThurrell, Sarah.
830 0 _aLanguage Teaching Methodology Series.
830 0 _aPrentice Hall International English Language Teaching.
856 _uhttp://koha.tu.koszalin.pl/cgi-bin/koha/opac-detail.pl?biblionumber=48075
_yKatalog online BPK
942 _cKS
_2UKD
999 _c48075
_d48075